عرض عادي عرض مارك
  • Grosz, Claudia M.,

مدخل إسم شخص

عدد التسجيلات المستخدمة في: 1

001 - رقم الضبط

  • حقل الضبط: 64417

003 - معرف رقم الضبط

  • حقل الضبط: OSt

005 - تاريخ ووقت أخر عملية

  • حقل الضبط: 20180819121015.0

008 - عناصر بيانات ثابتة الطول

  • حقل تحكم ثابت الطول: 180819|| aca||aabn | a|a d

040 ## - مصدر الفهرسة

  • هيئة الفهرسة الأصلية: OSt
  • وكالة الكتابة: OSt

100 ## - مدخل -- أسم شخص

  • إسم شخص: Grosz, Claudia M.,
  • مصطلح الرابط: illustrator.

670 ## - بيانات المصدر موجوده

  • الاستشهاد بالمصدر: Work cat.: (OSt)0: Neumann, Donald A., author. 10176, Kinesiology of the musculoskeletal system :